Management and entreprenership (Record no. 179873)

000 -LEADER
fixed length control field 00372nam a2200133Ia 4500
008 - FIXED-LENGTH DATA ELEMENTS--GENERAL INFORMATION
fixed length control field 220217s9999||||xx |||||||||||||| ||und||
020 ## - INTERNATIONAL STANDARD BOOK NUMBER
International Standard Book Number 978-81-9067-5789
082 ## - DEWEY DECIMAL CLASSIFICATION NUMBER
Classification number 658.421 NAI
100 ## - MAIN ENTRY--PERSONAL NAME
Personal name Naidu, N.V.R and Rao, Krishna, T.
245 #0 - TITLE STATEMENT
Title Management and entreprenership
260 ## - PUBLICATION, DISTRIBUTION, ETC.
Place of publication, distribution, etc. IK international
Name of publisher, distributor, etc. New Delhi
Date of publication, distribution, etc. 2010
300 ## - PHYSICAL DESCRIPTION
Other physical details 145
650 ## - SUBJECT ADDED ENTRY--TOPICAL TERM
Topical term or geographic name entry element MANAGEMENT
Holdings
Withdrawn status Lost status Damaged status Not for loan Collection code Home library Current library Date acquired Total Checkouts Full call number Barcode Date last seen Date last checked out Price effective from Koha item type
        Electronics and Communication Engineering Central Library Central Library 02/18/2022 3 658.421 NAI 15062 02/21/2023 01/21/2023 02/18/2022 Books

Powered by Koha